Sài Gòn xưa và nay

Kaydedildi:
Detaylı Bibliyografya
Materyal Türü: Kitap
Dil:English
Vietnamese
Baskı/Yayın Bilgisi: Tp. Hồ Chí Minh trẻ 2007
Konular:
Etiketler: Etiketle
Etiket eklenmemiş, İlk siz ekleyin!
Thư viện lưu trữ: Trung tâm Học liệu Lê Vũ Hùng, Trường Đại học Đồng Tháp
LEADER 00680pam a22002298a 4500
001 00041654
008 170505s1996 ||||||engsd
005 20180619100617.0
020 # # |c 70000 
041 0 # |a vie 
082 0 4 |a 895.922 34  |b S103G 
245 1 0 |a Sài Gòn xưa và nay 
260 # # |c 2007  |a Tp. Hồ Chí Minh  |b trẻ 
300 # # |a 341tr.  |c 24 cm. 
653 # # |a Lịch sử 
653 # # |a Văn học Việt Nam 
653 # # |a Sài gòn ký 
653 # # |a Tp Hồ Chí Minh 
653 # # |a Việt Nam 
852 # # |j KD.0023834 
910 # # |f 18/06/2018  |e dtchanh  |d 18/06/2018 
980 # # |a Trung tâm Học liệu Lê Vũ Hùng, Trường Đại học Đồng Tháp